[Event "NED-ch U13"]
[Site "Rijswijk"]
[Date "2005.05.06"]
[Round "4"]
[White "Van Eijk, Erwin"]
[Black "Klapwijk, Bram"]
[Result "1-0"]
[WhiteElo "1466"]
[BlackElo "1597"]
[PlyCount "113"]
[EventDate "2005.05.05"]
[EventType "swiss"]
[EventRounds "9"]
[EventCountry "NED"]
[SourceTitle "EXT 2013"]
[Source "ChessBase"]
[SourceDate "2012.11.22"]
[SourceVersion "1"]
[SourceVersionDate "2012.11.22"]
[SourceQuality "1"]

1. d4 Nf6 2. Nc3 d5 3. Bg5 Bf5 4. e3 a6 5. Bd3 Bxd3 6. Qxd3 Nbd7 7. Nf3 e6 8. a3 c5 9. 0-0 c4 10. Qe2 Be7 11. Bxf6 Nxf6 12. e4 0-0 13. exd5 exd5 14. Rfe1 Re8 15. Qd2 b5 16. Re3 Bd6 17. Rxe8+ Qxe8 18. Re1 Qd7 19. h3 Rb8 20. Ne5 Qc7 21. g4 b4 22. axb4 Bxb4 23. f3 h6 24. Re3 Bxc3 25. Qxc3 Nh7 26. Kg2 Ng5 27. b3 Rc8 28. bxc4 dxc4 29. Qa3 Qb6 30. c3 Ne6 31. Qa4 Qb2+ 32. Kg3 Qd2 33. Qxa6 Rc7 34. Qa8+ Kh7 35. Qe4+ Kg8 36. Nxf7 Rxf7 37. Qxe6 Qd1 38. Qc8+ Rf8 39. Qxc4+ Kh7 40. Qd3+ Qxd3 41. Rxd3 Kg6 42. f4 Kf6 43. Re3 Rc8 44. Kf3 Kg6 45. Ke2 h5 46. Kd3 h4 47. Re6+ Kf7 48. d5 Ra8 49. Re3 Rd8 50. c4 Ra8 51. Kd4 Ra1 52. d6 Rd1+ 53. Kc5 Rf1 54. d7 Rd1 55. Kc6 Rd4 56. c5 g5 57. fxg5 1-0

[Event "NED-ch U13"]
[Site "Rijswijk"]
[Date "2005.05.05"]
[Round "1"]
[White "Ten Hertog, Hugo"]
[Black "Van Eijk, Erwin"]
[Result "1-0"]
[WhiteElo "1720"]
[BlackElo "1466"]
[PlyCount "68"]
[EventDate "2005.05.05"]
[EventType "swiss"]
[EventRounds "9"]
[EventCountry "NED"]
[SourceTitle "EXT 2013"]
[Source "ChessBase"]
[SourceDate "2012.11.22"]
[SourceVersion "1"]
[SourceVersionDate "2012.11.22"]
[SourceQuality "1"]

1. e4 c6 2. d4 d5 3. e5 Bf5 4. h4 e6 5. g4 Be4 6. f3 Bxc2 7. Qxc2 Nd7 8. Bd3 c5 9. Be3 c4 10. Bf1 Qb6 11. Ne2 Nxe5 12. dxe5 Qxe3 13. Qc3 Qxc3+ 14. bxc3 Bc5 15. Nd2 Ne7 16. f4 b5 17. a3 Kd7 18. Nf3 Nc6 19. Nfd4 Nxd4 20. Nxd4 Bxd4 21. cxd4 a5 22. a4 b4 23. Kd2 b3 24. Kc3 Rab8 25. Rh2 Rb4 26. Rb2 Rb6 27. Bh3 Rc8 28. g5 Rf8 29. Rf2 Re8 30. h5 Rb7 31. g6 hxg6 32. hxg6 f6 33. exf6 Kd8 34. Rb1 Kc8 1-0

[Event "NED-ch U13"]
[Site "Rijswijk"]
[Date "2005.05.05"]
[Round "3"]
[White "Wisse, Pieter"]
[Black "Van Eijk, Erwin"]
[Result "0-1"]
[WhiteElo "1268"]
[BlackElo "1466"]
[PlyCount "80"]
[EventDate "2005.05.05"]
[EventType "swiss"]
[EventRounds "9"]
[EventCountry "NED"]
[SourceTitle "EXT 2013"]
[Source "ChessBase"]
[SourceDate "2012.11.22"]
[SourceVersion "1"]
[SourceVersionDate "2012.11.22"]
[SourceQuality "1"]

1. d4 c6 2. Bf4 d5 3. e3 Bf5 4. Nc3 Nf6 5. Bd3 Bxd3 6. Qxd3 e6 7. 0-0-0 Bd6 8. Bxd6 Qxd6 9. Nf3 Nbd7 10. Rhe1 0-0 11. e4 dxe4 12. Nxe4 Nxe4 13. Rxe4 Nf6 14. Re5 Rfd8 15. h3 h6 16. b3 Rac8 17. Qc3 b6 18. Qb2 a5 19. g4 c5 20. a4 Qc6 21. Rd3 cxd4 22. Nxd4 Qd6 23. Ree3 Qf4 24. c3 e5 25. Nb5 Rxd3 26. Kb1 Rxe3 27. fxe3 Qxe3 28. Qc2 Rd8 29. Qc1 Qe4+ 30. Kb2 Qe2+ 31. Ka3 Rd1 32. Qb2 Rd2 33. Qa1 Qf2 34. b4 axb4+ 35. Kb3 bxc3 36. Qxc3 e4 37. Qc6 Rb2+ 38. Ka3 Ra2+ 39. Kb3 Qb2+ 40. Kc4 Rxa4# 0-1